| 000 | 00458nab a22001457 4500 | ||
|---|---|---|---|
| 003 | ES-SlBCS | ||
| 005 | 20220524202337.0 | ||
| 008 | 200115s2018 sp ||||| |||| 00| 0 spa d | ||
| 040 |
_aES-SlBCS _bspa |
||
| 041 | _aspa | ||
| 100 | 1 |
_aÁlvarez de los Mozos, Patxi _970697 |
|
| 245 | 1 | 0 |
_aTrabajar por la paz en un mundo roto _cPatxi Álvarez de los Mozos |
| 773 | 0 |
_gVol. 106, Núm. 1239, 2018, págs. 959-971 _tSal Terrae _wRev410 _x0211-4569 |
|
| 942 |
_2lcc _cAR |
||
| 999 |
_c881153 _d881153 |
||